Газпром. Газпром в цифрах 2004-2008 гг.: справочник

التفاصيل البيبلوغرافية
اللغة:الروسية
منشور في: Москва, Газпром, 2009
الموضوعات:
التنسيق: MixedMaterials كتاب
KOHA link:https://koha.lib.tpu.ru/cgi-bin/koha/opac-detail.pl?biblionumber=168514

MARC

LEADER 00000nam0a2200000 4500
001 168514
005 20231101222750.0
035 |a (RuTPU)RU\TPU\book\182827 
035 |a RU\TPU\book\132671 
090 |a 168514 
100 |a 20091028d2009 km y0rusy50 ca 
101 0 |a rus 
102 |a RU 
105 |a a gi 000zy 
200 1 |a Газпром. Газпром в цифрах 2004-2008 гг.  |e справочник 
210 |a Москва  |c Газпром  |d 2009 
215 |a 55 с.  |c ил. 
606 1 |a Газпром  |2 stltpush  |3 (RuTPU)RU\TPU\subj\64473  |9 81366 
610 1 |a газовая промышленность 
610 1 |a предприятия 
610 1 |a мировая экономика 
610 1 |a Россия 
610 1 |a итоги 
610 1 |a структура 
610 1 |a персонал 
610 1 |a сырьевая база 
610 1 |a справочники 
675 |a 622.324.012:658(035)  |v 3 
801 1 |a RU  |b 63413507  |c 20060919  |g PSBO 
801 2 |a RU  |b 63413507  |c 20091105  |g PSBO 
942 |c BK